Score 0/20 Timer 04:00
0 Plays Today
Rank Country % Correct
3United States
99.1%
4France
95.4%
7China
95%
2United Kingdom
94.5%
1Germany
93.6%
5Russia
93.6%
10Italy
92.2%
8Canada
91.7%
11Japan
89%
13Sweden
88.1%
Rank Country % Correct
17Poland
82.1%
12Denmark
81.7%
6Netherlands
79.8%
14Switzerland
79.4%
9Belgium
77.5%
20Austria
77.1%
16Portugal
69.7%
15Czechia
58.3%
19Romania
52.8%
18Angola
4.1%
Remove Ads.
Support Sporcle.
Get the best of Sporcle when you Go Orange. This ad-free experience offers more features, more stats, and more fun while also helping to support Sporcle. Thank you for becoming a member.

You're not logged in!

Compare scores with friends on all Sporcle quizzes.
OR
Log In

Show Comments

Extras

Top Quizzes Today


Score Distribution

Your Account Isn't Verified!

In order to create a playlist on Sporcle, you need to verify the email address you used during registration. Go to your Sporcle Settings to finish the process.

Report this User

Report this user for behavior that violates our Community Guidelines.

Details: